00433 2200181 4500001002100000005001500021008004100036035002000077082000800097084001400105100001900119245003400138250000600172260003600178300001100214650001400225990001200239INLIS00000000000022120240502022755240502 0 ind  a0010-0424000197 a400 a400 JOH m aWahyudi, Johan1 aMahir Pidato /cJohan Wahyudi a1 aBandung :bPustaka Sunda,c2011 a72 hlm 4aNon Fiksi a0732433